| 000 | 01193cam a22003375a 4500 | ||
|---|---|---|---|
| 001 | 18379655 | ||
| 003 | EG-ScBUE | ||
| 005 | 20220919091737.0 | ||
| 008 | 141120s2015 enka f bd 001 0 eng d | ||
| 020 | _a9781138803534 | ||
| 040 |
_aDLC _beng _erda _cDLC _dDLC _dEG-ScBUE |
||
| 082 | 0 | 4 |
_a720.472 _222 _bSRI |
| 100 | 1 |
_aSrinivasan, Ravi, _eauthor. |
|
| 245 | 1 | 4 |
_aThe hierarchy of energy in architecture : _benergy analysis / _cRavi Srinivasan and Kiel Moe. |
| 264 | 1 |
_aOxon ; _aNew York : _bRoutledge / Taylor & Francis Group, _c2015. |
|
| 300 |
_axvi, 152 pages : _billustrations ; _c20 cm. |
||
| 336 |
_2rdacontent _atext _btxt |
||
| 337 |
_2rdamedia _aunmediated _bn |
||
| 338 |
_2rdacarrier _avolume _bnc |
||
| 490 | 0 | _aPocket architecture : technical design series | |
| 500 | _aIncludes glossary. | ||
| 504 | _aIncludes bibliographical references and index. | ||
| 650 | 7 |
_aBuildings _xThermal properties. _2BUEsh |
|
| 650 | 7 |
_aArchitecture and energy conservation. _2BUEsh _95048 |
|
| 650 | 7 |
_aBuildings _xEnergy conservation. _2BUEsh |
|
| 651 | _2BUEsh | ||
| 653 |
_bENGARC _cNovember2016 |
||
| 655 |
_vReading book _934232 |
||
| 700 | 1 |
_aMoe, Kiel, _eauthor. |
|
| 942 |
_2ddc _cBB |
||
| 999 |
_c23302 _d23274 |
||